000 00801nab a2200241 u 4500
001 15203
003 HDC
007 cr bn ---aaaaa
008 210217c20150224my dr|nes 0 a may d
040 _aHDC
245 0 _aWasiyyah Shoppe komited lahir usahawan profesional
260 _aKuala Lumpur :
_bThe New Straits Times Press (M) Bhd.,
_c2015
336 _atext
_2rdacontent
337 _acomputer
_2rdamedia
338 _aonline resource
_2rdacarrier
650 _aentrepreneurship
_9209
650 _aIslamic heritage
_915481
710 _aHarian Metro
856 _zRequest full-text at [email protected]
942 _2lcc
942 _cNEWS
942 _kNWSC 005719
999 _c12519
_d12519